000 00476nam a2200157 i 4500
001 59483
003 ES-MaACL
005 20230906164036.0
007 t|
008 031029s1959 xxu ||||1| eng d
245 0 0 _aEncyclopaedia Britannica
_b: a new survey of universal knowledge.
260 _aChicago, etc :
_b[s.n.,
_c1959] (
_fImp. Donnelley & Sons)
300 _a23 v. ;
_c33 cm.
650 _aEnciclopedias.
_912235
852 _aES-MaACL
_jJ-121
_xC-19248-70
_d
_bR.51136
999 _c59483
_d59483